[Event "23rd OIBM 2019"]
[Site "Gmund am Tegernsee"]
[Date "2019.10.28"]
[Round "3.19"]
[White "Schnepp, Gunnar"]
[Black "Demchenko, Anton"]
[Result "0-1"]
[WhiteElo "2256"]
[BlackElo "2655"]
[Annotator "TA"]
[PlyCount "88"]
[EventDate "2019.10.17"]
[EventType "swiss"]
[EventCountry "GER"]
[SourceTitle "playchess.com"]
[Source "ChessBase"]
[SourceQuality "1"]

{[%evp 21,88,102,109,90,90,78,83,64,61,58,72,57,59,59,77,80,85,80,85,30,31,22,37,0,53,47,63,0,28,37,79,75,77,73,156,70,66,66,58,35,67,-8,-8,-9,-2,0,0,0,0,0,0,0,0,-80,39,0,0,-242,-233,-365,-346,-1682,-1700,-1632,-1525,-29984,-29985,-29984,-29984]} 1. d4 Nf6 2. c4 g6 3. Nc3 Bg7 4. e4 O-O 5. Nf3 d6 6. Be2 Nbd7 7. O-O e5 8. Re1 c6 9. Bf1 Re8 10. d5 c5 11. a3 Nh5 12. b4 {E95: King's Indian: Classical: 7...Nbd7 8 Re1} (12. Bd2 Nf8 13. b4 b6 14. Rb1 Nf4 15. bxc5 bxc5 16. Ne2 Nxe2+ 17. Bxe2 f5 18. exf5 gxf5 19. Ng5 h6 {½-½ (69) Rodrigue Lemieux,S (2293)-Ivanov,M (2251) Montreal 2019}) 12... b6 13. Nd2 Bh6 14. Nb3 $146 {White is better.} (14. g3 {looks sharper.} Bb7 15. Rb1 Nhf6 16. h4 a6 17. Qe2) ({Predecessor:} 14. g3 Ng7 15. Ra2 f5 16. f3 Nf6 17. Qe2 Rf8 18. Nb3 Bxc1 19. Nxc1 fxe4 20. fxe4 {½-½ (46) Carlberg,G-Olsson,A Norrkoeping 1968}) 14... Bxc1 15. Rxc1 Nf8 16. g3 Ng7 17. Qd2 h5 18. h4 Nh7 19. Bg2 Bd7 20. bxc5 (20. Qe3 $16) 20... bxc5 $11 21. Nb5 Rb8 22. Qa5 Qf6 ({Black should play} 22... Nf6 $11) 23. Nd2 $14 g5 24. Nf3 (24. hxg5 $14 Nxg5 25. Qa6 (25. Qxa7 Red8 $14)) 24... gxh4 25. Nxh4 Bxb5 26. cxb5 Nf8 27. Rb1 Rb7 (27... Ng6 $142) 28. Qa6 (28. Qd2 $1 $16) 28... Reb8 29. a4 Ng6 30. Nf3 h4 $1 31. Nxh4 ({Better is} 31. Rb3 $14) 31... Nxh4 $11 32. gxh4 Nh5 33. Rb3 Kh8 34. Rf3 Qg6 {Strongly threatening ...Rg8!} 35. Rf5 Nf4 {[%csl Gf4][%cal Rg6g2]} 36. Rg5 Qh6 37. Rg3 {[#]} (37. Re3 $1 $11 {keeps the balance.}) 37... Qf6 (37... f5 $1 $17 {And now ...Nh5 would win.} 38. Ree3 (38. exf5 Rg7 $11) 38... Rh7) 38. Bf1 Qd8 39. Rc1 $2 {[#]} (39. Bh3 $11) 39... f5 $1 $19 {Threatens to win with ...Rh7.} 40. a5 (40. Rg5 {was necessary.}) 40... Rh7 41. Re1 $2 (41. Rcc3) 41... Qxh4 {[%csl Gh7][%cal Rh4h2]} 42. Bg2 Rd8 43. b6 Nxg2 44. Kxg2 f4 {Accuracy: White = 32%, Black = 62%.} 0-1

[Event "23rd OIBM 2019"]
[Site "Gmund am Tegernsee"]
[Date "2019.10.28"]
[Round "3.20"]
[White "Nebolsina, Vera"]
[Black "Santos Latasa, Jaime"]
[Result "0-1"]
[WhiteElo "2252"]
[BlackElo "2580"]
[Annotator "TA"]
[PlyCount "106"]
[EventDate "2019.10.17"]
[EventType "swiss"]
[EventCountry "GER"]
[SourceTitle "playchess.com"]
[Source "ChessBase"]
[SourceQuality "1"]

{[%evp 9,106,24,12,15,36,-4,0,-42,-52,-67,-68,-117,-113,-119,-119,-106,-120,-151,-109,-164,-56,-93,-59,-88,-81,-104,-46,-104,-64,-69,-79,-55,-50,-38,-54,-68,-62,-100,-143,-119,-25,-27,-34,-147,-22,-199,-162,-217,-231,-254,-99,-238,-243,-349,-248,-277,-261,-300,-287,-389,-379,-725,-715,-1171,-449,-736,-564,-551,-165,-164,-170,-169,-170,-280,-281,-597,-154,-159,-164,-142,-124,-123,-100,-141,-132,-141,-100,-104,-70,-313,-313,-288,-288,-288,-277,-868,-757,-806,-762]} 1. e4 c5 2. Nc3 Nc6 3. Bb5 Nd4 4. Nf3 a6 5. Bd3 Nc6 6. O-O {B23: Closed Sicilian: Lines without g3} d6 7. h3 (7. b3 g6 8. Bb2 Bg7 9. h3 e6 10. Na4 e5 11. Nc3 Nge7 12. a4 {½-½ (76) Andreikin,D (2719)-Carlsen,M (2835) St Petersburg 2018}) 7... e6 $146 ({Predecessor:} 7... g6 8. Nd5 Bg7 9. c3 Nf6 10. Bc2 O-O 11. Re1 e5 12. Nxf6+ Qxf6 {½-½ (89) Abdusattorov,N (2546)-Zvjaginsev,V (2642) St Petersburg 2018}) 8. a3 {The position is equal.} g5 9. b4 h5 10. b5 axb5 11. Bxb5 g4 12. Nh2 gxh3 13. g3 Bg7 14. Rb1 (14. Nf3 $17) 14... Nge7 (14... Kf8 $19 15. Nf3 Nd4 16. Nxd4 cxd4) 15. Ne2 Bd7 16. c3 d5 17. d3 Ne5 (17... h4 $17 18. Nf3 Ng6 19. exd5 exd5) 18. Nf4 (18. d4 $15 cxd4 19. cxd4) 18... h4 19. Nh5 Rxh5 20. Qxh5 Bxb5 $1 21. Rxb5 {And now Qh7 would win.} Qd7 $36 {[%mdl 2048] Black is more active.} 22. Rb1 dxe4 23. Bh6 Bxh6 24. Qxe5 {aiming for Ng4.} O-O-O ({Black should try} 24... exd3 $17 {Hoping for ...Qc6.} 25. Ng4 Qc6 26. Qh8+ Kd7 $1 {[%mdl 512]} 27. Ne5+ {[%mdl 64] Double Attack} Kd6 $1 {[%mdl 512]} 28. Nxc6 Rxh8 29. Nxe7 Kxe7 30. Rxb7+ Kd6) 25. Ng4 $11 Nc6 26. Qxc5 (26. Qf6 $1 $15 Bf8 27. dxe4) 26... Bf8 (26... hxg3 $1 $17 27. fxg3 (27. Nxh6 $2 Qxd3 28. Qe3 Qxe3 $19) 27... Qxd3) 27. Qb5 $2 (27. Qc4 $11 {and White is okay.} exd3 28. Rfd1) 27... hxg3 (27... exd3 28. Rfd1 $11) 28. dxe4 (28. Nf6 $142 Qc7 29. Nxe4) 28... Qc7 $1 $19 ({And not} 28... g2 29. Rfe1 $11) 29. e5 gxf2+ $2 (29... Rd5 $19 {and Black stays clearly on top.} 30. Qa4 Bc5 31. Qa8+ Nb8) 30. Rxf2 {[#]} (30. Kh1 $17) 30... Rd5 $1 {[%cal Rd5b5]} 31. Qf1 (31. Qb6 {was necessary.} Bc5 32. Qxc7+ Kxc7 33. Re1) 31... Bc5 32. Qxh3 Kb8 ({Not} 32... Nxe5 33. Qh8+ Qd8 34. Qxd8+ Kxd8 35. Nxe5 $17) 33. c4 Bxf2+ 34. Kxf2 Rd4 35. Qf3 $2 (35. Kg2) 35... f5 36. Nf6 Rd2+ (36... Qxe5 $142 37. Qh3 Qxf6) 37. Ke1 (37. Kf1 $142 Qxe5 38. Nh5) 37... Qa5 38. Rb5 Rd3+ $2 (38... Qd8 39. Rd5 (39. Qxc6 {is a self mate.} Rd1+ 40. Kf2 Qd2+ 41. Kf3 Rf1+ 42. Kg3 Rg1+ 43. Kf3 Qc3+ {[%mdl 64] Double Attack} 44. Ke2 Re1+ 45. Kf2 Qe3+ 46. Kg2 Rg1+ 47. Kh2 Qg3#) 39... Rxd5 40. Nxd5 exd5 41. Qxd5 Qxd5 42. cxd5 Nxe5) 39. Rxa5 Rxf3 {[%mdl 4096] Endgame KRN-KRN} 40. Rb5 Rxa3 41. Nd7+ (41. Ne8 $142) 41... Kc7 42. Nc5 $2 (42. Nf8 {is more resistant.} Nd4 43. Rb2) 42... Nd8 $2 (42... Nd4 $19 {is more deadly.} 43. Kf2 b6 44. Nxe6+ Nxe6) 43. Kd2 $17 Ra2+ 44. Ke3 Rc2 45. Kd3 Rh2 46. Ke3 Rh3+ 47. Kd2 Rh4 48. Kd3 b6 49. Na4 $2 {[#]} (49. Na6+ $1 $15 Kb7 50. Nc5+ Kc6 51. Nb3) 49... Nc6 $1 $19 50. Rxb6 Nxe5+ {[%mdl 64] Double Attack} 51. Ke2 Re4+ 52. Kf2 $2 (52. Kf1 Nc6 53. Rb1) 52... Rxc4 53. Ra6 Nc6 {Accuracy: White = 29%, Black = 44%.} 0-1

[Event "23rd OIBM 2019"]
[Site "Gmund am Tegernsee"]
[Date "2019.10.28"]
[Round "3.21"]
[White "Chanda, Sandipan"]
[Black "Lederle, Vitus"]
[Result "1-0"]
[WhiteElo "2529"]
[BlackElo "2223"]
[Annotator "RC"]
[PlyCount "83"]
[EventDate "2019.10.17"]
[EventType "swiss"]
[EventCountry "GER"]
[SourceTitle "playchess.com"]
[Source "ChessBase"]
[SourceQuality "1"]
[TimeControl "40/5400+30:1800+30"]

1. d4 {[%emt 0:01:14]} d5 {[%emt 0:00:00]} 2. Nf3 {[%emt 0:00:50]} Nf6 {[%emt 0:00:10]} 3. Bf4 {[%emt 0:00:24]} c5 {[%emt 0:01:25]} 4. e3 {[%emt 0:00:10]} Nc6 {[%emt 0:00:40]} 5. Nbd2 {[%emt 0:00:11]} Bg4 {[%emt 0:01:37]} 6. c3 {[%emt 0:02:04]} e6 {[%emt 0:00:37]} 7. Qb3 {[%emt 0:00:15]} Qb6 {[%emt 0:04:51]} 8. Qxb6 {[%emt 0:00:14]} axb6 {[%emt 0:00:02]} 9. Bb5 {[%emt 0:00:44]} Nd7 {[%emt 0:02:43]} 10. h3 {[%emt 0:00:13]} Bh5 {[%emt 0:02:59]} 11. g4 {[%emt 0:00:13]} Bg6 {[%emt 0:00:05]} 12. Kf1 {[%emt 0:00:23]} Be7 {[%emt 0:02:17]} 13. Kg2 {[%emt 0:00:14]} O-O {[%emt 0:03:37]} 14. h4 {[%emt 0:00:39]} h5 {[%emt 0:08:05]} 15. g5 {[%emt 0:00:14]} Rfc8 {[%emt 0:16:33]} 16. Rhe1 {[%emt 0:01:04]} cxd4 {[%emt 0:02:12]} 17. exd4 {[%emt 0:00:31]} Nf8 {[%emt 0:02:56]} 18. a3 {[%emt 0:02:59]} Ra5 {[%emt 0:07:06]} 19. Bf1 {[%emt 0:04:12]} Raa8 {[%emt 0:01:12]} 20. c4 {[%emt 0:08:58]} Bf5 {[%emt 0:03:59]} 21. Rac1 {[%emt 0:02:38]} Ng6 {[%emt 0:01:58]} 22. Bg3 {[%emt 0:01:01]} Bf8 {[%emt 0:05:37]} 23. cxd5 {[%emt 0:04:02]} exd5 {[%emt 0:00:11]} 24. Rc3 {[%emt 0:00:43]} Na7 {[%emt 0:11:36]} 25. Rb3 {[%emt 0:09:42]} Rc6 {[%emt 0:05:50]} 26. Ne5 {[%emt 0:01:02]} Nxe5 {[%emt 0:00:55]} 27. dxe5 {[%emt 0:00:29]} Bc2 {[%emt 0:02:00]} 28. Rf3 {[%emt 0:00:18]} Rd8 {[%emt 0:02:45]} 29. Kh2 {[%emt 0:05:10]} b5 {[%emt 0:00:37]} 30. Bh3 {[%emt 0:11:12]} Bg6 {[%emt 0:03:02]} 31. e6 {[%emt 0:04:16]} fxe6 {[%emt 0:00:14]} 32. Bxe6+ {[%emt 0:03:07]} Kh7 {[%emt 0:00:04]} 33. Nb3 {[%emt 0:01:46]} Bd6 {[%emt 0:04:44]} 34. Bf5 {[%emt 0:06:52]} Bxg3+ {[%emt 0:00:19]} 35. Kxg3 {[%emt 0:00:13]} Bxf5 {[%emt 0:01:47]} 36. Rxf5 {[%emt 0:00:06]} Rd7 {[%emt 0:00:22]} 37. Nd4 {[%emt 0:02:29]} Rcd6 {[%emt 0:02:47]} 38. Ne6 {[%emt 0:02:16]} Kg6 {[%emt 0:00:18]} 39. Rf3 {[%emt 0:01:05]} Rf7 {[%emt 0:00:44]} 40. Nf8+ {[%emt 0:00:55]} Rxf8 {[%emt 0:00:18]} 41. Rxf8 {[%emt 0:30:07]} Nc6 {[%emt 0:02:13]} 42. f4 {[%emt 0:00:00]} 1-0

[Event "23rd OIBM 2019"]
[Site "Gmund am Tegernsee"]
[Date "2019.10.28"]
[Round "3.22"]
[White "Vogel, Roven"]
[Black "Boehnke, Martin"]
[Result "1-0"]
[WhiteElo "2456"]
[BlackElo "2208"]
[Annotator "TA"]
[PlyCount "73"]
[EventDate "2019.10.17"]
[EventType "swiss"]
[EventCountry "GER"]
[SourceTitle "playchess.com"]
[Source "ChessBase"]
[SourceQuality "1"]

{[%evp 19,73,-6,0,-9,5,-2,12,9,8,9,8,9,26,26,13,12,12,-10,32,23,40,31,36,39,39,19,19,19,19,38,56,54,50,16,31,0,146,145,139,145,144,143,134,145,210,211,211,192,190,182,180,147,426,428,418,402]} 1. Nf3 d5 2. g3 Nf6 3. Bg2 c6 4. O-O Bg4 5. c4 e6 6. b3 Be7 7. Bb2 O-O 8. d3 h6 9. Nbd2 a5 10. a3 Nbd7 11. Qc2 {A12: English Opening: 1...c6 with b3 by White} (11. Ra2 Bd6 12. d4 Qe7 13. Ne5 Bf5 14. e3 Bh7 15. f4 Bc7 16. Bc3 Nxe5 17. fxe5 Nd7 18. e4 dxc4 19. Nxc4 {1-0 (74) Granda Zuniga,J (2675)-Rusev,K (2538) Linares 2014}) 11... Bf5 12. Bc3 Qc7 13. Qb2 {The position is equal.} Bh7 14. b4 axb4 $146 ({Predecessor:} 14... b6 15. Ne5 c5 16. Nxd7 Qxd7 17. Nf3 axb4 18. axb4 Rxa1 19. Rxa1 dxc4 {1-0 (38) Milov,L (2490)-Goldberg,A (2400) Germany 1998}) 15. axb4 Rfe8 16. Rfe1 Bf8 17. Rxa8 Rxa8 18. e4 dxe4 19. dxe4 Ne8 20. Bf1 c5 21. b5 Nd6 22. e5 Nc8 23. Ra1 $36 {[%mdl 2048] White fights for an advantage.} Rxa1 24. Qxa1 Be7 25. Ne1 f6 26. Bg2 Nxe5 27. Qa8 Nd7 (27... Kf7 $11) 28. Bxb7 $16 Ndb6 29. Ba5 {[#] aiming for Bxb6.} Nxa8 30. Bxc7 Nxc7 31. Bxc8 {b6 is the strong threat.} Kf7 (31... Na8 $16) 32. b6 $18 Ne8 33. b7 Bd6 34. Nb3 Bb8 35. Nxc5 {And now Na6 would win.} Nd6 $2 {[%mdl 8192] [#]} (35... Nc7 $16 36. Ned3 Bxd3 37. Nxd3 Ke7) 36. Bxe6+ Ke7 {intending ...Nxb7.} 37. Bd5 {Accuracy: White = 70%, Black = 31%.} 1-0

[Event "23rd OIBM 2019"]
[Site "Gmund am Tegernsee"]
[Date "2019.10.28"]
[Round "3.23"]
[White "Hoffmann, Michael"]
[Black "Richter, Nils"]
[Result "1/2-1/2"]
[WhiteElo "2445"]
[BlackElo "2213"]
[Annotator "TA"]
[PlyCount "90"]
[EventDate "2019.10.17"]
[EventType "swiss"]
[EventCountry "GER"]
[SourceTitle "playchess.com"]
[Source "ChessBase"]
[SourceQuality "1"]

{[%evp 11,90,45,43,32,27,29,55,42,35,0,0,0,0,0,0,0,0,0,0,0,0,0,0,-16,-22,-42,0,0,114,114,114,114,128,127,154,147,191,189,201,168,205,167,196,183,229,237,223,212,331,295,279,297,284,178,238,156,669,652,800,993,879,867,437,159,394,199,403,374,414,140,140,140,140,140,140,140,140,128,128,8,8]} 1. e4 c5 2. Nf3 e6 3. d4 cxd4 4. Nxd4 Nc6 5. Nc3 Qc7 6. Be3 a6 7. Qf3 {B48: Sicilian: Taimanov: 5 Nc3 Qc7 6 Be3 a6 without Be2} Nf6 8. O-O-O Ne5 9. Qg3 {White is slightly better.} b5 {Black wants to play ...b4.} 10. Bxb5 axb5 11. Ndxb5 Qb8 {Hoping for ...Nxe4!} 12. Bf4 $1 {[%cal Rf4e5]} d6 {[#]} 13. Rxd6 $3 {[%mdl 512]} Nh5 (13... Bxd6 14. Nxd6+) 14. Qg5 {[%csl Gd6][%cal Rg5d8]} Bxd6 15. Nxd6+ Qxd6 16. Bxe5 $40 {[%mdl 128] [#] White mounts an attack.} Ra5 $146 17. f4 {[#]} Nxf4 $1 {[%mdl 576] Pin} 18. Nd5 (18. Bxf4 Rxg5) 18... Rxd5 19. exd5 Qxd5 (19... Ne2+ $11 20. Kb1 Qxd5 21. Qxg7 Rf8) 20. Bxf4 $16 Qxg5 21. Bxg5 $15 {[%mdl 4096] Endgame KRB-KRB} Bb7 22. Rd1 {[%csl Gg5][%cal Rd1d8]} f6 23. Be3 O-O 24. g3 e5 25. Bc5 Re8 26. Bb6 f5 27. Rd8 Rxd8 28. Bxd8 $18 {KB-KB} Kf7 29. a4 f4 (29... Ke6 $142 30. c4 Ba6) 30. gxf4 $1 exf4 31. Bg5 f3 {Threatens to win with ...f2.} 32. Kd2 Ke6 (32... f2 {might work better.} 33. Ke2 Be4) 33. Ke3 Kf5 $2 (33... Be4 $16 34. c4 Bc2) 34. Bh4 $1 {[%cal Rh4f2]} g5 35. Bg3 h5 36. b4 h4 37. Bc7 $2 (37. Be1 $18 Ke5 38. c4) 37... g4 $2 (37... Be4 $16 38. c4 Bc2) 38. b5 (38. c4 $142) 38... Ke6 $2 (38... f2 39. Kxf2 Ke4) 39. c4 Be4 40. a5 $2 ({Wrong is} 40. Kxe4 $2 f2 $19) (40. Bf4 $1 $18) 40... Kd7 $16 41. Bf4 {Strongly threatening c5.} f2 42. Kxf2 Bd3 43. b6 $1 {[%cal Rb6b7]} Kc6 {[#]} 44. c5 $1 Ba6 {[#]} 45. Bg5 (45. Be3 $1 $16) 45... g3+ $1 {Accuracy: White = 50%, Black = 35%.} 1/2-1/2

[Event "23rd OIBM 2019"]
[Site "Gmund am Tegernsee"]
[Date "2019.10.28"]
[Round "3.24"]
[White "Bellia, Fabrizio"]
[Black "Delitzsch, Juergen"]
[Result "1-0"]
[WhiteElo "2433"]
[BlackElo "2197"]
[Annotator "TA"]
[PlyCount "161"]
[EventDate "2019.10.17"]
[EventType "swiss"]
[EventCountry "GER"]
[SourceTitle "playchess.com"]
[Source "ChessBase"]
[SourceQuality "1"]

{[%evp 25,161,20,23,29,29,29,43,0,0,-9,-10,-13,0,0,8,0,0,0,12,0,6,2,6,0,0,0,14,12,45,43,35,25,43,0,0,0,0,0,0,0,0,0,0,0,0,-27,-2,-2,0,-7,0,-15,80,75,155,87,87,91,87,86,97,85,78,48,91,46,52,0,83,57,69,51,49,0,78,59,68,65,54,8,15,0,114,27,35,27,28,0,0,0,84,0,25,22,53,26,22,36,104,105,105,32,143,0,0,-8,0,-355,53,6,50,0,0,0,0,0,63,73,184,187,464,452,2345,2324,2256,2214,2007,1779,2352,1941,29979,29980,29981,29982,29989,29990,29990,29991]} 1. e4 c5 2. Nf3 Nc6 3. d4 cxd4 4. Nxd4 g6 5. c4 Nf6 6. Nc3 d6 7. Be2 Nxd4 8. Qxd4 Bg7 9. Be3 O-O 10. Qd2 a5 11. f3 a4 12. O-O Qa5 13. Rac1 Be6 14. Rc2 {B36: Sicilian: Maroczy Bind: Gurgenidze System} (14. Nd5 Qxd2 15. Nxe7+ Kh8 16. Bxd2 Rfe8 17. Nd5 Nxd5 18. cxd5 Bxd5 19. Bb5 {½-½ (19) Vocaturo,D (2609)-Iturrizaga Bonelli,E (2652) Benasque 2018}) 14... Rfc8 15. Rfc1 Nd7 16. Nd5 {White is slightly better.} Qxd2 17. Rxd2 $146 ({Predecessor:} 17. Bxd2 Kf8 18. Bg5 Bxd5 19. cxd5 Rxc2 20. Rxc2 Nc5 21. Be3 e6 22. dxe6 Nxe6 {1-0 (61) Nabaty,T (2485)-Parligras,M (2551) Albena 2010}) 17... Bxd5 18. exd5 Nc5 19. Rb1 Ra6 20. Bd1 Kf8 21. g3 Rc7 22. Kg2 Rc8 23. h4 Rb6 24. b4 {a3 is the strong threat.} axb3 25. axb3 Rb4 26. Ra2 Bc3 27. Rc1 Bf6 28. Bd2 Rb6 $1 29. Rb1 Ra6 30. Rxa6 Nxa6 31. Be2 Nc5 32. b4 Na4 33. Rc1 Bb2 34. Rc2 $36 {[%mdl 2048] White has some pressure.} Bd4 35. f4 Nb6 36. Bd3 Ra8 37. h5 Kg7 38. g4 Rc8 (38... gxh5 $11 {remains equal.} 39. gxh5 Nd7) 39. Kf3 $16 e5 (39... Ra8 $142) 40. dxe6 (40. fxe5 $142 Bxe5 41. Be3) 40... fxe6 41. Ke4 Ba1 42. h6+ Kf7 43. Kf3 Bd4 44. g5 Ra8 45. Be4 Rc8 46. Bd3 (46. c5 $5 dxc5 47. Bxb7 $16) 46... Ra8 47. Ke2 Rc8 48. Be1 Ke7 49. Bd2 Kf7 50. Be3 Bxe3 51. Kxe3 $14 {[%mdl 4096] Endgame KRB-KRN} Ke7 52. Kd4 Rf8 53. Rf2 Nd7 (53... e5+ $11 {keeps the balance.} 54. Ke4 Rf5) 54. Ke3 (54. Be4 $16) 54... Ra8 $11 55. Rb2 Nb6 56. Kd4 (56. Rd2 $11) 56... Rf8 $16 57. Rf2 Nd7 58. Ke3 (58. Be4 $16) 58... Ra8 $11 59. Rf1 Nb6 60. Kd4 Rf8 61. Kc3 Nd7 ({Black should try} 61... Rc8 $14) 62. Be4 $16 b6 63. Rf3 (63. Bc6 $16) 63... Kd8 (63... b5 $1 $14) 64. Kd3 (64. Kb3 $1 $16) 64... b5 $1 $11 {[%cal Rb5c4]} 65. Bc6 bxc4+ 66. Kxc4 $2 {[%mdl 8192] [#]} (66. Kc2 $11 {and White stays safe.}) 66... Nb6+ $2 (66... Ne5+ $1 $19 {[%mdl 512]} 67. fxe5 d5+ 68. Kc5 Rxf3) 67. Kd4 Ke7 68. Be4 (68. Ra3 $5 {[%cal Ra3a7]} Rxf4+ 69. Ke3 $11) 68... d5 69. Bd3 Kd6 70. Rf1 Nc8 (70... Ra8 $11) 71. Ke3 $1 $14 Ne7 {[#]} (71... Nb6 $16 {is a better defense.}) 72. Ra1 $1 $18 Rc8 $2 (72... Nc6) 73. Ra6+ Rc6 (73... Kd7 $142 74. Bb5+ Kc7) 74. b5 Rxa6 75. bxa6 {KB-KN} Kc7 76. Kd4 Nc6+ 77. Kc5 e5 {[#]} 78. Bxg6 $1 {[%mdl 512] White mates.} exf4 (78... hxg6 79. h7) 79. Bxh7 Ne5 80. Bf5 f3 81. h7 {Accuracy: White = 49%, Black = 48%.} 1-0

[Event "23rd OIBM 2019"]
[Site "Gmund am Tegernsee"]
[Date "2019.10.28"]
[Round "3.25"]
[White "Morawietz, Dieter"]
[Black "Schnelzer, Reinhold"]
[Result "1-0"]
[WhiteElo "2419"]
[BlackElo "2192"]
[Annotator "TA"]
[PlyCount "73"]
[EventDate "2019.10.17"]
[EventType "swiss"]
[EventCountry "GER"]
[SourceTitle "playchess.com"]
[Source "ChessBase"]
[SourceQuality "1"]

{[%evp 13,73,0,33,41,39,45,32,30,32,39,31,43,64,63,112,95,104,108,138,92,225,224,212,217,220,222,222,212,230,222,207,205,208,219,217,223,214,214,224,224,212,224,199,213,250,240,243,239,965,934,29984,661,29985,640,29991,710,29996,29997,29997,29994,29998,29999]} 1. e4 c6 2. Nf3 d5 3. Nc3 Bg4 4. h3 Bxf3 5. Qxf3 e6 6. g3 Nf6 7. Bg2 dxe4 8. Nxe4 {B11: Caro-Kann: Two Knights Variation} Nxe4 9. Qxe4 Qd5 (9... Nd7 10. O-O Be7 11. d4 O-O 12. Rd1 Nf6 13. Qe2 Qb6 14. c4 {½-½ (32) Wang,H (2709)-Esipenko,A (2564) Riadh 2017}) 10. Qxd5 {White is slightly better.} (10. d4 {is more complex.} h5 11. Qxd5 cxd5 12. h4 Bd6 13. c3) 10... exd5 11. O-O f6 $146 ({Predecessor:} 11... Na6 12. a3 Bd6 13. b4 Nc7 14. d3 a5 15. bxa5 Rxa5 {½-½ (32) Chernyshov,K (2508)-Rojicek,V (2433) Pardubice 2014}) 12. b4 a6 13. d3 Bd6 14. c4 dxc4 15. dxc4 O-O 16. Rd1 $36 {[%mdl 2048] Keeping Black busy.} Rd8 (16... Bxb4 $16 {was called for.} 17. Rb1 a5) 17. Bf4 $18 Be7 18. Rxd8+ Bxd8 19. Rd1 Be7 20. a4 Kf8 21. b5 Ke8 22. h4 g5 23. hxg5 fxg5 24. Bc7 axb5 25. axb5 cxb5 26. cxb5 {Hoping for b6.} Nd7 27. Re1 {And now Bd6 would win.} Kf8 {[#]} 28. Rc1 $1 Nc5 29. Bb6 Na4 30. Bd4 Ra5 $2 (30... Rd8) 31. Rc8+ Kf7 32. Bd5+ Kg6 33. Bc4 (33. g4 $142 Kh6 34. Bxb7 Bf6 {[#]} 35. Rc6 $1 {[%mdl 512]} Kg7 36. Rxf6 Nc5 37. Ra6+ Kf7 38. Bd5+ Ne6 39. Bxe6+ Ke7 40. Rxa5) 33... b6 34. Rc7 (34. g4 $142 Nc5 35. Rc6+ {[%mdl 64] Double Attack} Ne6 36. Bxe6 Bf6 37. Bf5+ Kf7 38. Rxf6+ Ke8 39. Rxb6) 34... Bc5 35. Bd3+ {White mates.} Kh5 36. Rxh7+ Kg4 37. Kg2 {Accuracy: White = 85%, Black = 33%.} 1-0

[Event "23rd OIBM 2019"]
[Site "Gmund am Tegernsee"]
[Date "2019.10.28"]
[Round "3.26"]
[White "Hofstetter, Hans-Joachim"]
[Black "Manu David Suthandram R"]
[Result "0-1"]
[WhiteElo "2210"]
[BlackElo "2403"]
[Annotator "TA"]
[PlyCount "80"]
[EventDate "2019.10.17"]
[EventType "swiss"]
[EventCountry "GER"]
[SourceTitle "playchess.com"]
[Source "ChessBase"]
[SourceQuality "1"]

{[%evp 16,80,39,0,32,0,0,-18,0,-49,-42,-82,-80,-79,-93,-73,-92,-84,-83,-78,-83,-101,6,6,5,6,4,6,134,137,117,87,123,110,173,167,170,166,201,166,156,56,106,101,171,114,83,83,122,0,0,0,0,0,0,0,0,0,287,287,277,0,14,-198,-124,-2153,-891]} 1. e4 c5 2. Nf3 Nc6 3. Nc3 Nf6 4. d4 cxd4 5. Nxd4 e5 6. Ndb5 d6 7. Bg5 a6 8. Na3 Be6 9. Bc4 b5 {B33: Sicilian: Pelikan and Sveshnikov Variations} 10. Bd5 (10. Bxf6 $5 Qxf6 11. Bd5 $11) 10... Rc8 {And now ...b4 would win.} 11. Ne2 Ne7 $146 {[%cal Re6d5] The position is equal.} ({Predecessor:} 11... Be7 12. Bxf6 Bxf6 13. c3 Bxd5 14. Qxd5 O-O 15. Rd1 Qb6 16. Nc2 Bg5 17. Ng3 {1-0 (37) Fataliyeva,U (2301)-Zarinfam,A (2301) Nakhchivan 2016}) 12. Bxe6 (12. Bxf6 $5 gxf6 13. c3 $15) 12... fxe6 13. Qd3 d5 $1 14. Bxf6 gxf6 15. c3 f5 16. exf5 Nxf5 17. Nc2 Bc5 18. f4 exf4 (18... e4 $17 19. Qh3 Qh4+ 20. Qxh4 Nxh4) 19. Nxf4 $11 Qd6 20. g3 O-O 21. O-O-O Ne7 (21... d4 $1 $11 {keeps the balance.}) 22. Rhe1 $16 Rf6 23. Nh5 Rf7 24. Qe2 Rc6 (24... e5 $16 {might work better.}) 25. Qg4+ $18 Ng6 26. Nf4 $1 Rf6 27. h4 Kh8 {[%cal Rg6f4] [#]} 28. Qg5 (28. Rxe6 $1 $16 {[%mdl 512]} Rxe6 29. Rxd5) 28... Qf8 {[%cal Rg6f4]} 29. Nd3 Be7 (29... Bb6 $16 {is a better defense.}) 30. Qg4 (30. Kb1 $18) 30... Rc4 $16 31. Nd4 $36 {[%mdl 2048] Black is under strong pressure.} b4 {[#]} 32. h5 (32. b3 $1 $16 {[%cal Rb3c4]} Rxc3+ 33. Kb1) 32... bxc3 $11 33. b3 $1 {[%cal Rb3c4] [#]} c2 $1 {[%mdl 512]} 34. bxc4 (34. Nxc2 Rxg4) 34... cxd1=Q+ 35. Kxd1 dxc4 36. Nxe6 Qh6 $2 {[%mdl 8192]} (36... Qc8 $11 37. Nb2 Qd7+ 38. Kc2 Bb4) 37. hxg6 $18 {aiming for g7+.} cxd3 38. Ng5 $2 ({Only move:} 38. g7+ $18 Kg8 {[#]} 39. Nc5 $1 {[%mdl 576] Promotion}) 38... Qg7 {Strongly threatening ...Rf8.} 39. gxh7 $2 {[#]} (39. Qc8+ $11 {and White stays safe.} Rf8 40. Nf7+ Kg8 41. gxh7+ Qxh7 42. Qg4+ Kxf7 43. Qe6+ {[%mdl 64] Double Attack} Kg7 44. Qxe7+ Rf7 45. Qe5+ Kf8 46. Qc5+ Kg7 47. Qe5+ Kf8 48. Qc5+ Kg7 49. Qc3+ Kf8 50. Qb4+ Kg7 51. Qb2+ Kf8 52. Qb4+ Kg7 53. Qc3+ Kf8 54. Qc5+) 39... Rf2 $1 {[%mdl 512]} 40. Qc8+ $2 {[%mdl 8192]} (40. Re5 $17) 40... Rf8 {Accuracy: White = 28%, Black = 41%.} (40... Bf8 $142 41. Ne4 Rc2 42. Qxc2 dxc2+ 43. Kxc2 Qd4) 0-1